Sports Quiz

Random Sports Quiz
Score 0/10 Timer 15:00
0 Plays Today
Hint Antwoord % Correct
Robin van Persie | Nederland-Spanje [1-1]Iker Casillas
88.9%
Andres Iniesta | Spanje-Nederland [1-0]Maarten Stekelenburg
88.9%
Bryan Smeets | De Graafschap-Ajax [1-1]Jasper Cillessen
54.8%
Wesley Sneijder | Nederland-Braziliƫ [2-1]Julio Cesar
50.2%
Giovanni van Bronckhorst | Nederland-Uruguay [1-0]Fernando Muslera
41.7%
Jermain Lens | PSV-Feyenoord [10-0] Rob van Dijk
35%
Dirk Kuyt | Feyenoord-Heracles [1-0] Bram Castro
16.1%
Siem de Jong | Ajax-FC Twente [1-0] Nikolaj Michajlov
15.7%
Dennis Bergkamp | Nederland-Argentiniƫ [2-1]Carlos Roa
7.7%
Marco van Basten | Nederland-Sovjet Unie [2-0]Rinat Dasajev
5.6%
Remove Ads.
Support Sporcle.
Get the best of Sporcle when you Go Orange. This ad-free experience offers more features, more stats, and more fun while also helping to support Sporcle. Thank you for becoming a member.

You're not logged in!

Compare scores with friends on all Sporcle quizzes.
OR
Log In

Sporcle TV

Today on Sporcle TV


Watch our educational content, quiz creation guides, and fun videos on Sporcle TV.

Show Comments

Extras

Created Jul 7, 2020ReportNominate
Tags:assist, goal, Wie

Top Quizzes Today


Score Distribution

Paid Content

Your Account Isn't Verified!

In order to create a playlist on Sporcle, you need to verify the email address you used during registration. Go to your Sporcle Settings to finish the process.

Report this User

Report this user for behavior that violates our Community Guidelines.

Details: